000 02794cas a2200685 a 4500
999 _c530078
_d530078
001 18786017
003 NUST
005 20191009112636.0
008 051216c20059999enkgr 0 a0eng c
010 _a 2007227569
_z 2012046108
015 _aGBA560366
_2bnb
016 7 _a026832348
_2DE-101
016 7 _a2170785-6
_2DE-600
016 7 _a013117069
_2Uk
022 0 _a2573-1769
_21
035 _a(OCoLC)ocm62676602
037 _b711 Third Ave, 8th floor, New York, NY 10017
_c$173.00 (single issue)
038 _aMSOHAIL
040 _aKKU
_beng
_cKKU
_dEEM
_dNLGGC
_dIUL
_dGBVCP
_dTULIB
_dHEBIS
_dOCLCQ
_dOCLCO
_dOCLCF
_dOCLCO
_dDLC
_dOCLCQ
_dUKMGB
042 _apcc
_ansdp
050 0 0 _aHT165.5
_b.D52
082 0 4 _a307.1216
_222
100 _aBruce Stiftel
_923365
222 0 _aDialogues in urban and regional planning
245 0 0 _aDialogues in urban and regional planning.
246 3 _aDialogues in urban & regional planning
260 _aLondon ;
_aNew York :
_bRoutledge,
_c©2002-
300 _ap;343, :
_billustrations, maps ;
_c24 cm
310 _aBiennial
336 _atext
_btxt
_2rdacontent
337 _aunmediated
_bn
_2rdamedia
338 _avolume
_bnc
_2rdacarrier
362 0 _a1-
500 _aSimultaneously published in the USA and Canada by Routledge.
588 _aLatest issue consulted: 5, published 2013.
650 0 _aCity planning
_xResearch
_vPeriodicals.
_923366
650 0 _aCity planning
_vCase studies
_vPeriodicals.
_923367
650 0 _aRegional planning
_xResearch
_vPeriodicals.
_923368
650 0 _aRegional planning
_vCase studies
_vPeriodicals.
_923369
650 7 _aCity planning.
_2fast
_0(OCoLC)fst00862177
_9808
650 7 _aCity planning
_xResearch.
_2fast
_0(OCoLC)fst00862248
_923370
650 7 _aRegional planning.
_2fast
_0(OCoLC)fst01093120
_923371
650 7 _aRegional planning
_xResearch.
_2fast
_0(OCoLC)fst01093179
_923372
650 1 7 _aStadsplanning.
_2gtt
_923373
650 1 7 _aRegionale planning.
_2gtt
_923374
653 0 _aCity planning
_aCase studies
653 0 _aCity planning
_aResearch
653 0 _aRegional planning
_aCase studies
653 0 _aRegional planning
_aResearch
655 7 _aCase studies.
_2fast
_0(OCoLC)fst01423765
_914661
655 7 _aPeriodicals.
_2fast
_0(OCoLC)fst01411641
_923375
776 0 8 _iOnline version:
_tDialogues in urban and regional planning
_w(OCoLC)607612099
776 0 8 _iOnline version:
_tDialogues in urban and regional planning
_w(OCoLC)607728635
906 _a7
_bcbc
_csercoop
_d2
_encip
_f20
_gn-oclcserc
942 _2ddc
_cBK